Boundary element methods in manufacturing / (Record no. 7524)

MARC details
000 -LEADER
fixed length control field 01034nac a22002531u 4500
010 ## - LIBRARY OF CONGRESS CONTROL NUMBER
LC control number 95049816
020 ## - INTERNATIONAL STANDARD BOOK NUMBER
International Standard Book Number 0195079213 (acid-free paper)
082 00 - DEWEY DECIMAL CLASSIFICATION NUMBER
Classification number 670.42
Item number CHA
090 ## - LOCALLY ASSIGNED LC-TYPE CALL NUMBER (OCLC); LOCAL CALL NUMBER (OCLC)
-- 7524
-- 7524
100 ## - MAIN ENTRY--PERSONAL NAME
Personal name Chandra, Abhijit.
245 10 - TITLE STATEMENT
Title Boundary element methods in manufacturing /
Statement of responsibility, etc Abhijit Chandra, Subrata Mukherjee.
260 ## - PUBLICATION, DISTRIBUTION, ETC. (IMPRINT)
Place of publication, distribution, etc New York :
Name of publisher, distributor, etc Oxford University Press,1997
Date of publication, distribution, etc 1997.
300 ## - PHYSICAL DESCRIPTION
Extent xvi, 508 p. :
Other physical details ill. ;
Dimensions 25 cm.
440 #0 -
-- Oxford engineering science series ;
-- 47
500 ## - GENERAL NOTE
General note distributer: Al-Ahram
504 ## - BIBLIOGRAPHY, ETC. NOTE
Bibliography, etc Includes bibliographical references and index.
511 ## - PARTICIPANT OR PERFORMER NOTE
Participant or performer note catalogued by: wessam
650 #0 - SUBJECT ADDED ENTRY--TOPICAL TERM
Topical term or geographic name as entry element Manufacturing processes
General subdivision Mathematical models.
650 #0 - SUBJECT ADDED ENTRY--TOPICAL TERM
Topical term or geographic name as entry element Boundary element methods.
700 1# - ADDED ENTRY--PERSONAL NAME
Personal name Mukherjee, Subrata.
856 42 - ELECTRONIC LOCATION AND ACCESS
Materials specified Publisher description
Uniform Resource Identifier <a href="http://www.loc.gov/catdir/enhancements/fy0603/95049816-d.html">http://www.loc.gov/catdir/enhancements/fy0603/95049816-d.html</a>
856 42 - ELECTRONIC LOCATION AND ACCESS
Materials specified Table of contents only
Uniform Resource Identifier <a href="http://www.loc.gov/catdir/enhancements/fy0603/95049816-t.html">http://www.loc.gov/catdir/enhancements/fy0603/95049816-t.html</a>
942 ## - ADDED ENTRY ELEMENTS (KOHA)
Item type Book - Borrowing
Call number prefix 670.42CHA
Holdings
Withdrawn status Item status Damaged status Not for loan Home library Current library Shelving location Date acquired Source of acquisition Total Checkouts Full call number Barcode Date last seen Koha item type
        Central Library Central Library First floor 27/01/2008 Purchase   670.42CHA 000008979 15/07/2025 Book - Borrowing